| 000 | 00658nam a22002537a 4500 | ||
|---|---|---|---|
| 005 | 20260130134332.0 | ||
| 008 | 260130b2021 |||||||| |||| 00| 0 spa d | ||
| 020 | _a9788449332296 | ||
| 041 | _aESP | ||
| 082 | _a793.73 S944L | ||
| 100 | _aSués Caula, Jaume | ||
| 245 | _aLos 100 mejores juegos de ingenio. Entrena tu cerebro para los negocios y la vida | ||
| 260 | _aEspaña | ||
| 260 | _bPaidós | ||
| 260 | _c2021 | ||
| 300 | _a239 páginas | ||
| 490 | _aTemática General | ||
| 650 | _aJUEGOS DE INGENIO | ||
| 650 | _aJUEGOS MENTALES | ||
| 650 | _aJUEGOS DE HABILIDAD | ||
| 650 | _aENIGMAS | ||
| 650 | _aSOLUCIONES | ||
| 942 |
_2ddc _cBK |
||
| 999 |
_c13885 _d13885 |
||